Statistics for French players in Liga BBVA

Click here to take the quiz!

General Stats

  • This quiz has been taken 125 times
    (46 since last reset)
  • The average score is 8 of 22

Answer Stats

Club Player % Correct
Atletico MadridAntoine Griezmann
92%
Real MadridKarim Benzema
86%
Real MadridRaphaël Varane
83%
Sevilla FCKevin Gameiro
75%
Athletic BilbaoAymeric Laporte
67%
Atletico MadridLucas Hernandez
56%
Sevilla FCSteven N'Zonzi
53%
FC BarcelonaJérémy Mathieu
53%
Sevilla FCBenoit Tremoulinas
47%
FC BarcelonaSamuel Umtiti
42%
Sevilla FCAdil Rami
39%
Sevilla FCThimothée Kolodziejczak
19%
Granada CFDimitri Foulquier
19%
FC BarcelonaLucas Digne
14%
ElcheFayçal Fajr
6%
Granada CFAbdoulwhai Sissoko
3%
Granada CFJean-Sylva Babin
3%
GetafeAbdoul Yoda
3%
Sevilla FCGaël Kakuta
3%
GetafeRobin Lafarge
0%
DeportivoModibo Diakité
0%
Valencia CFWilfried Zahibo
0%

Score Distribution

Percentile by Number Answered

Percent of People with Each Score

Your Score History

You have not taken this quiz since the last reset